| Tag |
First Indicator |
Second Indicator |
Subfields |
| LEADER |
00000pam a2200000 i 4500 |
| 001 |
in00000021880 |
| 005 |
20151007063757.0 |
| 008 |
790307s1979 nyu b 00000 eng |
| 010 |
|
|
|a 79004384
|
| 020 |
|
|
|a 0844813273
|
| 035 |
|
|
|a (OCoLC)04804640
|
| 035 |
|
|
|9 AAD8221AM
|
| 040 |
|
|
|a DLC
|c DLC
|d TXA
|d UtOrBLW
|
| 049 |
|
|
|a TXAM
|c [1160640]
|
| 050 |
0 |
0 |
|a JX5420
|b .C66
|
| 082 |
0 |
|
|a 341.77
|
| 245 |
0 |
0 |
|a Control of terrorism :
|b international documents /
|c editors, Yonah Alexander, Marjorie Ann Browne, Allan S. Nanes ; foreword, Ray S. Cline.
|
| 264 |
|
1 |
|a New York :
|b Crane, Russak,
|c [1979]
|
| 264 |
|
4 |
|c ©1979
|
| 300 |
|
|
|a xvi, 215 pages ;
|c 23 cm.
|
| 336 |
|
|
|a text
|b txt
|2 rdacontent
|
| 337 |
|
|
|a unmediated
|b n
|2 rdamedia
|
| 338 |
|
|
|a volume
|b nc
|2 rdacarrier
|
| 500 |
|
|
|a "Published in cooperation with the Center for Strategic and International Studies, Georgetown University."
|
| 504 |
|
|
|a Includes bibliographical references.
|
| 650 |
|
0 |
|a Terrorism.
|
| 700 |
1 |
|
|a Alexander, Yonah.
|
| 700 |
1 |
|
|a Browne, Marjorie Ann.
|
| 700 |
1 |
|
|a Nanes, Allan S.
|
| 710 |
2 |
|
|a Georgetown University.
|b Center for Strategic and International Studies.
|
| 999 |
|
|
|a MARS
|
| 999 |
f |
f |
|s ec48a4b0-449c-30e7-9a2f-f56394a83dd9
|i a4381796-3b28-373c-8199-4d278c2830ca
|t 0
|
| 952 |
f |
f |
|p ric
|a Texas A&M University
|b Rellis Campus
|c Joint Library Facility
|d Remote Storage
|t 0
|e JX5420 .C66
|h Library of Congress classification
|i unmediated -- volume
|m A14803147010
|
| 998 |
f |
f |
|a JX5420 .C66
|t 0
|l Remote Storage
|